000 00554nam a2200193Ia 4500
003 GCL
008 140319s9999 xx 000 0 eng d
040 _aGCL /
_cGCL
082 0 4 _a660.2969
_bP C
100 1 _aPANDEY, G. N.
245 1 0 _aCHEMICAL ENGINEERING THERMODYNAMICS: THROUGH SOLVED PROBLEMS /
_cPANDEY, G. N.
700 1 _aCHAUNHRI, J. L.
260 _a[S.N] :
_bKHANNA PUBLISHERS ،
_c1991
300 _a463 PP
650 0 4 _aالتحليل الرياضى
650 0 4 _aTHERMODYNAMICS
650 0 4 _aCHEMICAL ENGINEERING
942 _2ddc
_cBK
999 _c20595
_d20595